Responses for show #6154 - Thursday, May 19, 2011

Contestants

Beverly Jones, an attorney for a nonprofit originally from Spokane, Washington

Matt Neville, a deli clerk from Hamden, Connecticut

Lisa Bloomberg, a medical student from Minneapolis, Minnesota (whose 2-day cash winnings total $55,000)

Jeopardy! Round responses

BESTSELLERS OF THE 1950s
SUPER BOWL MVPs
TAXED BY TAXES
YOU SAY MYANMAR, I SAY BURMA
TAKING STOCK
3 Bs, IF YOU PLEASE
    $200 1
The Bible

Beverly
    $200 26
Tom Brady

Lisa
    $200 2
Willie Nelson

Beverly
    $200 13
India

Matt
    $200 21
Boeing

Matt
    $200 7
blubber

Lisa
    $400 10
Betty Crocker

Beverly
    $400 27
(Kurt) Warner

Beverly
    $400 3
Al Capone

Lisa
    $400 14
Rangoon

Matt
    $400 22
South West

Beverly
    $400 8
Kareem Abdul-Jabbar

Beverly
    $600 18
Giant

Matt
    $600 28
Elway

Beverly
    $600 4
Richard Hatch

Lisa
    $600 15
Buddhism

Lisa
    $600 23
Walgreens

Lisa
    $600 9
Bobby

Matt
    $800 19
Art Linkletter

Triple Stumper
    $800 29
(Troy) Aikman

Beverly
    $800 5
Leona Helmsley

Beverly
    $800 16
elections

Matt
    $800 24
Coca-Cola

Lisa
    $800 11
babble

Lisa
    $1000 20
The Power of Positive Thinking

Triple Stumper
    $1000 30
Lynn Swann

Triple Stumper
    $1000 6
Tyco

Triple Stumper
    $1000 17
the Bay of Bengal

Lisa
    $1000 25
John Deere

Beverly
    $1,500 12
a bibliophobe

Lisa

Scores at the first commercial break (after clue 15):

Lisa Matt Beverly
$4,100 $1,200 $2,000

Scores at the end of the Jeopardy! Round:

Lisa Matt Beverly
$6,700 $2,800 $5,200

Double Jeopardy! Round responses

PRESIDENTS OF THE CONTINENTAL CONGRESS
TATTOOED LADIES
COIN OF THE REALM
"P"s & "Q"s
MILTON
BRADLEY
    $400 21
Philadelphia

Beverly
    $400 6
Angelina Jolie

Beverly
    $400 1
Taiwan

Matt
    $400 11
a plaque

Matt
    $400 30
(Beverly: What are heaven and hell?)

hell and heaven

LisaBeverly
    $400 16
Omar Bradley

Matt
    $800 22
Washington

Beverly
    $800 7
Megan Fox

Matt
    $800 2
Gibraltar

Triple Stumper
    $800 12
a quip

Lisa
    $800 29
"England"

Lisa
    $800 17
Ed Bradley

Triple Stumper
    $2,000 23
(Beverly: Who is John Adams?)

John Hancock

Beverly
    $1200 8
Lindsay Lohan

Beverly
    $3,200 3
Mongolia

Matt
    $1200 13
parquet

Matt
    $1200 28
"free"

Triple Stumper
    $1200 18
Bill Bradley

Lisa
    $1600 25
John Jay

Beverly
    $1600 9
Hayden Panettiere

Lisa
    $1600 4
Austria

Matt
    $1600 14
a prequel

Lisa
    $1600 27
"fantastic"

Beverly
    $1600 19
(Edmond) Halley

Matt
    $2000 24
the Articles of Confederation

Matt
    $2000 10
(Edgar Allan) Poe

Matt
    $2000 5
(Lisa: What is Portugal?)

Panama

Lisa
Triple Stumper
    $2000 15
piquant

Matt
    $2000 26
"stand and wait"

Triple Stumper
    $2000 20
(Rutherford B.) Hayes

Matt

Scores at the end of the Double Jeopardy! Round:

Lisa Matt Beverly
$11,100 $20,400 $8,800

[wagering suggestions for these scores]

Final Jeopardy! Round responses

LONG-RUNNING FILMS
BeverlyWhat is The Rocky Horror Picture Show?
$800
LisaWhat is The Rocky Horror Picture Show?
$11,000
MattWhat is The Rocky Horror Picture Show?
$2,600
The Rocky Horror Picture Show

Final scores:

Lisa Matt Beverly
$22,100 $23,000 $9,600
2nd place: $2,000 New champion: $23,000 3rd place: $1,000

Game dynamics:

Coryat scores:

Lisa Matt Beverly
$10,600 $18,400 $10,800
16 R
(including 1 DD),
1 W
18 R
(including 1 DD),
0 W
16 R,
2 W
(including 1 DD)

Combined Coryat: $39,800

The J! Archive is created by fans, for fans. The Jeopardy! game show and all elements thereof, including but not limited to copyright and trademark thereto, are the property of Jeopardy Productions, Inc. and are protected under law. This website is not affiliated with, sponsored by, or operated by Jeopardy Productions, Inc. Join the discussion at JBoard.tv.